Movies Quiz

Random Movies or Alphabet Quiz

Two Word 'I' Movies Match Up Quiz Stats

 Plays Quiz not verified by Sporcle

Support Sporcle.
Go Orange.
Score 0/20 Timer 04:00
0 Plays Today
% Correct
Independence
99.1%
Ice
98.3%
Iron
98.1%
Inspector
98.1%
Inglourious
97.2%
Inside
97.2%
I,
97.1%
It's
95.4%
Identity
93.9%
If
93.8%
% Correct
Indecent
92.8%
Internal
92.7%
Imagine
91.4%
Idle
87.8%
Inside
85.8%
Instant
85.7%
Intolerable
82.3%
In
81.6%
Inherent
66.5%
Immortal
65.8%

You're not logged in!

Compare scores with friends on all Sporcle quizzes.
OR
Log In

From the Vault

Almost Useless Trivia XVI

by seanpconnolly

The keyword here is 'almost'.
Remove Ads.
Support Sporcle.
Get the best of Sporcle when you Go Orange. This ad-free experience offers more features, more stats, and more fun while also helping to support Sporcle. Thank you for becoming a member.

Show Comments

Extras

Top Quizzes Today


Score Distribution

Your Account Isn't Verified!

In order to create a playlist on Sporcle, you need to verify the email address you used during registration. Go to your Sporcle Settings to finish the process.

Report this User

Report this user for behavior that violates our Community Guidelines.

Details: